000 01851nam0a2200373 4500
001 RU\NLR\bibl\827172
005 20260406074407.0
021 _aRU
_b2005-35980
_91791
035 _a(NLR Aleph) 000816068
090 _a1271511
_c1271511
100 _a20050803d2005 |||y0rusy50 ca
101 0 _arus
_deng
102 _aRU
105 _aa z |||||
200 1 _aИспользование метода системного анализа в демографическом прогнозировании
_dUse of a method of systems analysis in the demographic forecast
_fГ.Ш. Цициашвили, З.И. Сидоркина
_zeng
_gРос. акад. наук, Дальневост. отд-ние, Тихоокеан. ин-т географии
205 _aПрепринт
210 _aВладивосток
_cДальнаука
_d2005
215 _a23 с.
_cил.
_d22
300 _aАвт. также на англ. яз.: G.Sh. Tsitsiashvili, Z.I. Sidorkina
320 _aБиблиогр.: с. 23 (8 назв.)
510 0 _6z45790
_aUse of a method of systems analysis in the demographic forecast
_zrus
606 1 _aДемографическое прогнозирование
_9940235
_3RU\NLR\auth\66347789
686 _aС73(0)3
700 1 _4070
_8rus
_7ca
_aЦициашвили
_bГ. Ш.
_f1948-
_gГурами Шалвович
_3RU\NLR\auth\7734373
_917377
701 1 _4070
_8rus
_7ca
_aСидоркина
_bЗ. И.
_gЗинаида Ивановна
_3RU\NLR\auth\7734379
_917383
790 1 _4070
_7ba
_8rus
_aCiciašvili
_bG. Š.
_f1948-
_gGurami Šalvovič
_9248453
_3RU\NLR\AUTH\770248509
790 1 _4070
_8rus
_7ba
_aSidorkina
_bZ. I.
_gZinaida Ivanovna
_3RU\NLR\auth\7734381
_917385
801 0 _aRU
_bNLR
_c20050803
_grcr
801 1 _aRU
_bNLR
_c20050803
942 _cBOOK
980 _aNB
980 _aNBR